[Event "Reviakino"]
[Site "Reviakino"]
[Date "2017.12.27"]
[Round "10"]
[White "Shmidt, Elena"]
[Black "Postypalskiy, Mihail"]
[Result "1/2-1/2"]
[WhiteElo "2194"]
[BlackElo "2381"]
[PlyCount "65"]
[EventDate "2017.12.22"]
[EventType "tourn"]
[EventRounds "13"]
[EventCountry "RUS"]
[SourceTitle "CBM 182 Extra"]
[Source "ChessBase"]
[SourceDate "2018.02.23"]
[SourceVersion "1"]
[SourceVersionDate "2018.02.23"]
[SourceQuality "1"]

1. e4 e5 2. Nf3 Nc6 3. Bb5 a6 4. Ba4 Nf6 5. 0-0 Be7 6. Re1 b5 7. Bb3 d6 8. c3 0-0 9. d4 Bg4 10. d5 Na5 11. Bc2 c6 12. h3 Bh5 13. dxc6 Qc7 14. Nbd2 Rad8 15. Qe2 Qxc6 16. Nf1 Rfe8 17. a4 Ra8 18. Ng3 Bg6 19. axb5 axb5 20. Bd3 Reb8 21. b4 Nc4 22. Rxa8 Rxa8 23. Bxc4 bxc4 24. Nd2 d5 25. exd5 Nxd5 26. Qxc4 Qxc4 27. Nxc4 Nxc3 28. Nxe5 Bxb4 29. Bd2 Nd5 30. Bxb4 Nxb4 31. Nxg6 hxg6 32. Ne4 Nd5 33. Rb1 1/2-1/2

[Event "Efremov Pechenov Memorial"]
[Site "Efremov"]
[Date "2017.04.27"]
[Round "10"]
[White "Shmidt, Elena"]
[Black "Aghasiyev, Kamal"]
[Result "0-1"]
[WhiteElo "2109"]
[BlackElo "2411"]
[PlyCount "32"]
[EventDate "2017.04.22"]
[EventType "tourn"]
[EventRounds "13"]
[EventCountry "RUS"]
[EventCategory "2"]
[SourceTitle "CBM 178 Extra"]
[Source "ChessBase"]
[SourceDate "2017.06.22"]
[SourceVersion "1"]
[SourceVersionDate "2017.06.22"]
[SourceQuality "1"]

1. e4 e5 2. Nf3 Nf6 3. d4 Nxe4 4. Bd3 Nc6 5. Bxe4 d5 6. Nxe5 dxe4 7. Nxc6 bxc6 8. 0-0 Bd6 9. Re1 f5 10. f3 0-0 11. fxe4 fxe4 12. Rxe4 Bf5 13. Re1 Qh4 14. g3 Bxg3 15. hxg3 Qxg3+ 16. Kh1 Bg4 0-1

[Event "Efremov Pechenov Memorial"]
[Site "Efremov"]
[Date "2017.04.24"]
[Round "4"]
[White "Shmidt, Elena"]
[Black "Moiseenko, Vladimir"]
[Result "1/2-1/2"]
[WhiteElo "2109"]
[BlackElo "2243"]
[PlyCount "62"]
[EventDate "2017.04.22"]
[EventType "tourn"]
[EventRounds "13"]
[EventCountry "RUS"]
[EventCategory "2"]
[SourceTitle "CBM 178 Extra"]
[Source "ChessBase"]
[SourceDate "2017.06.22"]
[SourceVersion "1"]
[SourceVersionDate "2017.06.22"]
[SourceQuality "1"]

1. d4 g6 2. c4 Bg7 3. Nc3 c5 4. d5 d6 5. e4 Nf6 6. Be2 0-0 7. Nf3 e6 8. 0-0 exd5 9. cxd5 a6 10. a4 Bg4 11. Nd2 Bxe2 12. Qxe2 Re8 13. Qd3 Nbd7 14. Qc2 Ne5 15. a5 Qc7 16. h3 Nh5 17. f4 Nd7 18. Kh2 Bd4 19. Ne2 Qd8 20. Nxd4 cxd4 21. Qd3 Rc8 22. Qxd4 Qh4 23. Qe3 g5 24. fxg5 Rc2 25. Kg1 Ne5 26. b3 Qg3 27. Qxg3 Nxg3 28. Rd1 Ne2+ 29. Kf1 Ng3+ 30. Kg1 Ne2+ 31. Kf1 Ng3+ 1/2-1/2

[Event "Northwest FR-ch (Women)"]
[Site "St Petersburg"]
[Date "2008.03.21"]
[Round "1"]
[White "Inyakina, Alina"]
[Black "Shmidt, Elena"]
[Result "0-1"]
[WhiteElo "1803"]
[BlackElo "2087"]
[PlyCount "118"]
[EventDate "2008.03.21"]
[EventType "swiss"]
[EventRounds "9"]
[EventCountry "RUS"]
[SourceTitle "EXT 2022"]
[Source "ChessBase"]
[SourceDate "2021.10.06"]
[SourceVersion "1"]
[SourceVersionDate "2021.10.06"]
[SourceQuality "1"]

1. d4 d5 2. Nf3 c6 3. c3 Nf6 4. Bf4 Bf5 5. e3 Qb6 6. Qb3 Nbd7 7. c4 dxc4 8. Bxc4 Qxb3 9. Bxb3 e6 10. 0-0 Be7 11. Nbd2 0-0 12. Rfd1 h6 13. Rac1 Nb6 14. h3 Nbd5 15. Bh2 Nb4 16. Ne5 Nd3 17. Nxd3 Bxd3 18. Nc4 Be2 19. Re1 Bxc4 20. Bxc4 Rfd8 21. a3 Bd6 22. Red1 Bxh2+ 23. Kxh2 Rd7 24. Be2 Rad8 25. Kg1 Nd5 26. Kf1 Nb6 27. Ke1 f5 28. g3 Kf7 29. b4 a6 30. Rc2 g5 31. Ra1 f4 32. Bg4 Nd5 33. Ke2 Nf6 34. Bf3 Nd5 35. Bg4 Ke7 36. Rf1 Rh8 37. gxf4 gxf4 38. Rc5 Rdd8 39. Rd1 Rhg8 40. Bf3 fxe3 41. fxe3 Rg3 42. e4 Nf6 43. h4 Nd7 44. Rh5 Rf8 45. Rd3 Rg6 46. d5 e5 47. d6+ Ke6 48. Ke3 Rff6 49. Rf5 Rg7 50. Rxf6+ Nxf6 51. Kd2 Rd7 52. Kc3 Rxd6 53. Rxd6+ Kxd6 54. Kd3 Ne8 55. Kc2 Nc7 56. a4 Ne6 57. Bg2 Nf4 58. Bf1 Ng6 59. h5 Nf4 0-1